Teuerste Bundesliga Zugänge (ohne Bayern, Leipzig und Dortmund) - Statistiken

Allgemein
  • Dieses Quiz wurde 76 mal gespielt
  • Das Durchschnittsergebnis liegt bei 33 aus 103
Antwortstatistiken
Saison Abgebender Verein Aufnehmender Verein Transfersumme Spieler % Korrekt
24/25 Brighton VFB Stuttgart 26,7 Millionen Deniz Undav
91%
15/16 Schalke 04 Wolfsburg 43 Millionen Julian Draxler
91%
19/20 TSG Hoffenheim Bayer Leverkusen 32 Millionen Kerem Demirbay
79%
23/24 Union SG Bayer Leverkusen 21,7 Millionen Victor Boniface
79%
14/15 Chelsea Wolfsburg 32 Millionen André Schürrle
77%
11/12 Mainz 05 Bayer Leverkusen 14 Millionen André Schürrle
77%
20/21 AS Rom Bayer Leverkusen 26,5 Millionen Patrik Schick
75%
19/20 Schalke 04 Gladbach 11 Millionen Breel Embolo
73%
16/17 FC Basel Schalke 04 26,5 Millionen Brezel Embolo
73%
18/19 OGC Nizza Gladbach 23 Millionen Alassane Plea
64%
24/25 FC Augsburg VFB Stuttgart 21 Millionen Ermedin Demirovic
64%
19/20 Olympique Lyon Hertha BSC 25 Millionen Lucas Tousart
63%
19/20 AC Milan Hertha BSC 24 Millionen Krzystof Piatek
61%
19/20 Benfica Eintracht Frankfurt 22,34 Millionen Luka Jovic
55%
23/24 Arsenal Bayer Leverkusen 15 Millionen Granit Xhaka
54%
23/24 Southampton Bayer Leverkusen 23,3 Millionen Nathan Tella
52%
23/24 Stade Rennes Wolfsburg 25 Millionen Lovro Majer
50%
24/25 FC Girona Bayer Leverkusen 18 Millionen Alex Garcia
48%
24/25 Bayer Leverkusen TSG Hoffenheim 18 Millionen Adam Hlozek
46%
22/23 Sparta Prag Bayer Leverkusen 13 Millionen Adam Hlozek
46%
19/20 Vitoria Guimaraes Bayer Leverkusen 20,2 Millionen Edmond Tapsoba
46%
23/24 Inter Mailand Union Berlin 13 Millionen Robin Gosens
46%
17/18 Mainz 05 1. FC Köln 17 Millionen Jhon Córdoba
45%
20/21 1. FC Köln Hertha BSC 15 Millionen Jhon Córdoba
45%
18/19 Bayern München Schalke 04 16 Millionen Sebastian Rudy
45%
20/21 Celtic Glasgow Bayer Leverkusen 11 Millionen Jeremie Frimpong
43%
19/20 River Plate Bayer Leverkusen 17 Millionen Exequiel Palacios
41%
19/20 PSG Bayer Leverkusen 15 Millionen Moussa Diaby
41%
18/19 Everton Werder Bremen 13,5 Millionen Davy Klaassen
39%
14/15 HSV Bayer Leverkusen 15,25 Millionen Hakan Çalhanoglu
39%
13/14 HSV Bayer Leverkusen 12,5 Millionen Heung-min Son
39%
24/25 PSG Eintracht Frankfurt 16,5 Millionen Hugo Ekitike
39%
17/18 River Plate Bayer Leverkusen 19 Millionen Lucas Alario
38%
19/20 RB Leipzig Hertha BSC 18 Millionen Matheus Cunha
38%
17/18 Tottenham Schalke 04 19 Millionen Nabil Bentaleb
38%
21/22 FC Dallas FC Augsburg 16,36 Millionen Ricardo Pepi
38%
16/17 VFB Stuttgart HSV 14 Millionen Filip Kostic
36%
16/17 TSG Hoffenheim Bayer Leverkusen 20 Millionen Kevin Volland
36%
24/25 Stade Rennes Bayer Leverkusen 20 Millionen Martin Terrier
36%
19/20 TSG Hoffenheim Bayer Leverkusen 10,5 Millionen Nadiem Amiri
36%
21/22 FC Brügge Bayer Leverkusen 23 Millionen Odilon Kossounou
36%
12/13 Tottenham HSV 13 Millionen Rafael van der Vaart
36%
19/20 FC Watford Hertha BSC 20 Millionen Dodi Lukebakio
34%
17/18 Borussia Dortmund Gladbach 17 Millionen Matthias Ginter
32%
24/24 1. FC Nürnberg Eintracht Frankfurt 11 Millionen Can Uzun
30%
19/20 Young Boys Bern Eintracht Frankfurt 14 Millionen Djibril Sow
30%
21/22 FC Kopenhagen Wolfsburg 12 Millionen Jonas Wind
30%
13/14 Bayern München Wolfsburg 16 Millionen Luiz Gustavo
30%
18/19 Argentinos VFB Stuttgart 11,26 Millionen Nico González
30%
18/19 Vasco da Gama Bayer Leverkusen 18,5 Millionen Paulinho
30%
10/11 Juventus Turin Wolfsburg 15,5 Millionen Diego
29%
17/18 FC Utrecht Eintracht Frankfurt 12 Millionen Sebastian Haller
29%
24/25 FC Brügge RB Leipzig 21 Millionen Antonio Nusa
27%
19/20 VFB Stuttgart Schalke 04 15 Millionen Ozan Kabak
27%
18/19 Galatasaray VFB Stuttgart 11 Millionen Ozan Kabak
27%
17/18 Olympic Piräus Bayer Leverkusen 17,5 Millionen Panagiotis Retsos
27%
16/17 Leicester City TSG Hoffenheim 11 Millionen Andrej Kramaric
25%
17/18 Hertha BSC Wolfsburg 17 Millionen John Brooks
25%
10/11 AC Milan Schalke 04 14 Millionen Klaas-Jan Huntelaar
25%
12/13 Twente Enschede Gladbach 12 Millionen Luuk de Jong
25%
21/22 1. FC Köln Wolfsburg 13,5 Millionen Sebastiaan Bornauw
25%
23/24 Sparta Prag Gladbach 10,5 Millionen Tomas Cvancara
25%
15/16 Manchester United Bayer Leverkusen 12 Millionen Chicarito
23%
16/17 Bayer Leverkusen Gladbach 15 Millionen Christoph Kramer
23%
18/19 Mainz 05 Schalke 04 11 Millionen Suat Serdar
23%
08/09 US Palermo Wolfsburg 14 Millionen Andrea Barzagli
21%
23/24 Fenerbahce TSG Hoffenheim 12,3 Millionen Attila Szalai
21%
23/24 Atalanta Wolfsburg 12,2 Millionen Joakim Maehle
21%
16/17 KRC Genk Bayer Leverkusen 16,7 Millionen Leon Baily
21%
23/24 FC Augsburg TSG Hoffenheim 14 Millionen Mergim Berisha
21%
17/18 Borussia Dortmund Bayer Leverkusen 12,5 Millionen Sven Bender
21%
18/19 AZ Alkmaar Wolfsburg 10,5 Millionen Wout Weghorst
21%
06/07 RSC Anderlecht HSV 10,5 Millionen Vincent Kompany
20%
17/18 FC Malaga Wolfsburg 14 Millionen Ignacio Camacho
18%
10/11 Atlético Madrid Schalke 04 11 Millionen Jose Manuel Jurado
18%
24/25 FC Kopenhagen Wolfsburg 13,5 Millionen Kamil Grabara
18%
21/22 Benfica Wolfsburg 12 Millionen Luca Waldschmidt
18%
19/20 RB Salzburg Gladbach 12,5 Millionen Stefan Lainer
18%
16/17 RB Salzburg FC Augsburg 10,5 Millionen Martin Hinteregger
16%
18/19 Hertha BSC Bayer Leverkusen 12 Millionen Mitchell Weiser
16%
23/24 Mainz 05 TSG Hoffenheim 11 Millionen Anton Stach
14%
19/20 RB Salzburg TSG Hoffenheim 12,5 Millionen Diadié Samassékou
14%
24/25 Stade Rennes Bayer Leverkusen 15 Millionen Jeanuël Belocian
14%
15/16 Mainz 05 Schalke 04 10,5 Millionen Johannes Geis
14%
18/19 RB Salzburg Hertha BSC 10,5 Millionen Valentino Lazaro
14%
23/24 Royal Antwerpen Eintracht Frankfurt 13,65 Millionen Willian Pacho
14%
16/17 1. FC Köln Wolfsburg 13 Millionen Yannick Gerhardt
14%
15/16 Internacional Bayer Leverkusen 13 Millionen Charles Aranguiz
13%
15/16 Gladbach Wolfsburg 12 Millionen Max Kruse
13%
19/20 FC Sevilla TSG Hoffenheim 12 Millionen Munas Dabbur
13%
19/20 RB Salzburg Wolfsburg 12 Millionen Xaver Schlager
13%
16/17 Mainz 05 Wolfsburg 12,5 Millionen Yunus Malli
13%
22/23 FC Brügge TSG Hoffenheim 12 Millionen Stanley Nsoki
11%
13/14 Chelsea Wolfsburg 22 Millionen Kevin De Bryne
9%
24/25 PAOK Saloniki Wolfsburg 11,75 Millionen Konstantinos Koulierakis
9%
17/18 KV Oostende Wolfsburg 11,5 Millionen Landry Dimata
9%
09/10 Newcastle United Wolfsburg 10,5 Millionen Obafemi Martins
9%
16/17 Ajax Amsterdam Wolfsburg 12 Millionen Riechedly Bazoer
9%
16/17 Werder Bremen Gladbach 12,5 Millionen Jannik Vestergaard
7%
16/17 PSV Eindhoven Wolfsburg 11,5 Millionen Jeffrey Bruma
5%
17/18 Young Boys Bern Gladbach 12 Millionen Denis Zakaria
2%
10/11 US Palermo Wolfsburg 12, 5 Millionen Simon Kjær
2%
17/18 FC Sevilla Schalke 04 12,5 Millionen Yevgen Konoplyanka
0%
Keine übereinstimmenden Quizze gefunden
Verteilung der Resultate
Anzahl Personen mit jedem Resultat
Perzentil nach korrekt beantworteten Fragen
Ihre Resultats-Entwicklung
Sie haben dieses Quiz noch nicht gespielt